Category Elimination - Total Drama Competitors - Statistics

General Stats
  • This quiz has been taken 141 times
    77 since last reset
  • The average score is 14 of 20
Answer Stats
Group # Category
% Correct
Green 23 First appearance - TDI
100%
Green 19 Competes in more than 1 season
100%
Orange 43 Is a female character
91%
Green 6 Has only competed in two seasons
84%
Purple 33 Been in the top 5
82%
Orange 31 Has only competed in one season
80%
Purple 22 Was not in the Ridonculous Race
77%
Purple 11 Been a finalist
77%
Purple 9 Been in a canon relationship
75%
Blue 62 First appearance - TDWT or Later
73%
Green 4 Has made it to the merge at least once
71%
Orange 16 Did not appear until the Ridonculous Race
70%
Blue 30 Appeared before the Ridonculous Race
70%
Blue 13 Revenge of the Island cast member
68%
Blue 7 Was also in All Stars
68%
Purple 1 Has had their name referenced in an episode title Sky or Gwen
59%
Orange 8 Wasn't eliminated until episode 20 or later
57%
Blue 1 Top 5 twice, yet never a FInalist Scott
52%
Green 1 Was a World Tour competitor Cody
50%
Orange 1 Redhead/Ginger hair color Crimson
38%
No matching quizzes found
Score Distribution
Percent of People with Each Score
Percentile by Number Answered
Your Score History
You have not taken this quiz since the last reset